banner-ar

الدليل العربى لاستخدام برنامج معالجة الكلمات Release, Wordstar 2000 / (Record no. 38866)

MARC details
000 -الفاتح
حقل البيانات ثابتة الطول 00772nam a2200205Ia 4500
008 - عناصر البيانات ثابتة الطول - معلومات عامة
حقل البيانات ثابتة الطول 140319s9999 xx 000 0 ara d
040 ## - مصدر الفهرسة
وكالة الفهرسة الأصلية GCL /
وكالة النسخ GCL
082 04 - رقم تصنيف ديوى العشرى
رقم التصنيف 001.6424
رقم المادة ع د
100 1# - المدخل الرئيسى - إسم شخصى
الإسم الشخصى حسين حسن بركات
245 10 - بيان العنوان
العنوان الدليل العربى لاستخدام برنامج معالجة الكلمات Release, Wordstar 2000 /
بيان المسئوليه,etc حسين حسن بركات
700 1# - المدخل الاضافى - اسم شخصى
الإسم الشخصى عزة عبدالمنعم هلال
260 ## - PUBLICATION, DISTRIBUTION, ETC. (IMPRINT)
تاريخ النشر أو التوزيع 1992
300 ## - الوصف المادى
التعداد 416 ص
490 ## - بيان السلسلة
عنوان السلسلة
650 04 - المدخل الاضافى بالموضوع-مصطلح موضوعى
مصطلح موضوعي الحاسبات الالكترونية
650 04 - المدخل الاضافى بالموضوع-مصطلح موضوعى
مصطلح موضوعي برنامج معالجة الكلمات
650 04 - المدخل الاضافى بالموضوع-مصطلح موضوعى
مصطلح موضوعي الحاسبات الالكترونية - برامج
942 ## - عناصر المدخل الإضافي( كوها)
مصدر التصنيف او مخطط الترفيف Dewey Decimal Classification
Koha [default] item type كتاب
260 ## - PUBLICATION, DISTRIBUTION, ETC. (IMPRINT)
-- [S.N] :
-- مؤسسة جمال الجاسم للالكترونيات ،
Holdings
حالة التراجع حالة الفقد حالة تلف ليس للاعارة المكان المؤقت الموقع الحالى تاريخ الاكتساب اجمالي اﻻعارات رقم الطلب الباركود تاريخ اخر مشاهدة تاريخ تفعيل السعر نوع وعاء كوها
        مكتبة القاهرة الكبرى مكتبة القاهرة الكبرى 03/26/2014   001.6424\ع د 94800 03/26/2014 03/26/2014 كتاب

Powered By

EGPV